| 000 | 00679nam a2200229Ia 4500 | ||
|---|---|---|---|
| 003 | GCL | ||
| 008 | 140319s9999 xx 000 0 ara d | ||
| 040 |
_aGCL / _cGCL |
||
| 082 | 0 | 4 |
_a595.799 _bم ن |
| 100 | 1 | _aمحمد حسن الحمصى | |
| 245 | 1 | 0 |
_aالنحلة تسبح الله: بلغة العلم, ولسان الواقع / _cمحمد حسن الحمصى |
| 260 |
_a[S.N] : _bدار الراشيد ، _c1984 |
||
| 490 | _a | ||
| 650 | 0 | 4 | _aعسل النحل |
| 650 | 0 | 4 | _aالحشرات |
| 650 | 0 | 4 | _aالنحل |
| 650 | 0 | 4 | _aخلايا |
| 650 | 0 | 4 | _aشمع النحل |
| 650 | 0 | 4 | _aملكات |
| 650 | 0 | 4 | _aالحشرات النافعة |
| 942 |
_2ddc _cBK |
||
| 999 |
_c58920 _d58920 |
||